Justice for the poor : perspectives on accelerating access (Record no. 225004)

MARC details
000 -LEADER
fixed length control field 00933nam a2200265Ia 4500
008 - FIXED-LENGTH DATA ELEMENTS--GENERAL INFORMATION
fixed length control field 191130s2009##################000#0#eng##
020 ## - INTERNATIONAL STANDARD BOOK NUMBER
ISBN 9780195692051
082 ## - DEWEY DECIMAL CLASSIFICATION NUMBER
Classification number 340.11 AYE
245 ## - TITLE STATEMENT
Title Justice for the poor : perspectives on accelerating access
Statement of responsibility, etc edited by Ayesha Kadwani Dias and Gita Honwana Welch
260 ## - PUBLICATION, DISTRIBUTION, ETC. (IMPRINT)
Place of publication Oxford
Name of publisher Oxford University Press
Year of publication c2009
300 ## - PHYSICAL DESCRIPTION
Number of Pages xxii, 678 p. ; 23 cm
500 ## - GENERAL NOTE
General note Copyright: United Nations Development Programme. Includes bibliographical references (p. [639]-676)
650 ## - SUBJECT ADDED ENTRY--TOPICAL TERM
Topical Term Dispute resolution (Law)
Topical Term Justice, Administration of
Topical Term Law reform
Topical Term Legal assistance to the poor
700 ## - ADDED ENTRY--PERSONAL NAME
Personal name Dias, Ayesha Kadwani
Personal name Welch, Gita Honwana
710 ## - ADDED ENTRY--CORPORATE NAME
Corporate name or jurisdiction name as entry element United Nations Development Programme
991 ## -
-- 315252
Holdings
Withdrawn status Lost status Damaged status Not for loan Home library Current library Shelving location Date acquired Full call number Accession Number Price effective from Koha item type
        Anna Centenary Library Anna Centenary Library 4TH FLOOR, A WING 13.10.2020 340.11 AYE 113130 13.10.2020 English Books

Find us on the map